书目信息 |
| 书名: | Children with disabilities | |
| 作者: | by Mark L. Batshaw and Yvonne M. Perret. | |
| 分册号: | ||
| 分册名: | 出版地: | Baltimore : |
|
| 出版社: | P.H. Brookes Pub. Co | |
| 出版时间: | c1992. | |
| 页数: | xvii, 664 p. : | |
| 开本: | 23 cm. | |
| 丛书名: | ||
| 中图分类号: | ||
| 科图分类号: | ||
| 其他分类号: | R36 | |
| 主题词: | ||
| 电子资源: | ||
| 000 | 01466pam a2200409 a 450 | |
| 001 | E0732458346 | |
| 005 | 20070422090247.13 | |
| 008 | 911113s1992 mdua b 001 0 eng c | |
| 010 | @a91043243 | |
| 020 | @a1557661022 (recycled paper). | |
| 035 | @A(DLC) 91043243 | |
| 040 | @aDNLM/DLC@cDLC@dDLC | |
| 050 | 00 | @aRJ135@b.B38 1992 |
| 060 | @aWS 368 8334c | |
| 082 | 00 | @a618.92@2 20 |
| 090 | @aR36 | |
| 099 | @dR36@e18=3 | |
| 100 | 1 | @aBatshaw, Mark L.,@d1945- |
| 245 | 10 | @aChildren with disabilities :@ba medical primer / @cby Mark L. Batshaw and Yvonne M. Perret. |
| 250 | @a3rd ed. | |
| 260 | @aBaltimore :@bP.H. Brookes Pub. Co.,@cc1992. | |
| 300 | @axvii, 664 p. :@bill. ;@c23 cm. | |
| 500 | @aRev. ed. of: Children with handicaps, 2nd ed. c1986. | |
| 504 | @aIncludes bibliographical references and index. | |
| 650 | 0 | @aChildren with disabilities@xCare. |
| 650 | 0 | @aChild development deviations. |
| 650 | 0 | @aChild development deviations@xEtiology. |
| 650 | 0 | @aDevelopmentally disabled children@xCare. |
| 650 | 2 | @aBirth Injuries. |
| 650 | 2 | @aChild Development Disorders. |
| 650 | 2 | @aHandicapped. |
| 650 | 2 | @aRehabilitation@xin infancy & childhood. |
| 700 | 1 | @aPerret, Yvonne M.,@d1946- |
| 700 | 1 | @aBatshaw, Mark L.,@d1945-@tChildren with handicaps. |
| 906 | @a7@bcbc@corignew@d1@eocip@f19@gy-gencatlg | |
| 955 | @aCIP ver. nb04 09-10-92 | |
| 991 | @bc-GenColl@hRJ135@i.B38 1992@tCopy 1@wBOOKS | |
| Children with disabilities : : a medical primer / / by Mark L. Batshaw and Yvonne M. Perret.-3rd ed.-Baltimore : : P.H. Brookes Pub. Co., , c1992. |
| xvii, 664 p. : : ill. ; ; 23 cm. |
| Rev. ed. of: Children with handicaps, 2nd ed. c1986.-Includes bibliographical references and index. |
| ISBN 1557661022 (recycled paper). |
| ● |
| 相关链接 |
|
|
|
|
正题名:Children with disabilities
索取号:R36/18=3
 
预约/预借
| 序号 | 登录号 | 条形码 | 馆藏地/架位号 | 状态 | 备注 |
| 1 | 0004540 | 300045403 | 第二样本阅览室/ [索取号:R36/18=3] | 在馆 |